zpět

Detail výsledku týmu

Pěkná brynda ST, Beroun

Datum a čas kvízu

19 Celkem bodů Celkový počet nahraných bodů na tomto kvízu bez doplňovacích otázek.
5. Pořadí na kvízu Konečné umístění týmu na tomto kvízu.

Zaznamenané odpovědi

# Otázka Odpověď Body Výsledky
1. V pátek byly zveřejněny výsled... Jihočeský kraj 0
2. Někdo chodí do školy pěšky, ně... D) na praseti 1
3. Sedmý ročník ankety Podcast ro... Opravdové zločiny 1
4. Bývalý brazilský pilot, který... Emerson Fittipaldi, Targa Florio 0
5. Ve středu začala skupinová fáz... Brno 0
6. Začneme politikou. Nezávislost... muži 28. října 0
7. V letech 1918–1928 bylo Českos... Užhorod 0
8. Na fotce vidíme jeden z rekons... Aero 0
9. Zde vidíme portrét módní návrh... Hana Podolská 0
10. „Král komiků“ Vlasta Burian by... AC Sparta Praha, brankář 0.5